Nghiên cứu chế tạo xúc tác hỗn hợp đồng oxit và platin trên các chất mang TiO2 và CeO2 cho phản ứng oxi hóa cacbon monoxit : Luận văn Thạc sĩ. Chuyên ngành: Hóa lý thuyết và hóa lý

Nghiên cứu chế tạo 21 xúc tác đơn oxit CuO và xúc tác hỗn hợp Pt-CuO mang trên chất mang kỵ nước TiO2 và CeO2 cho phản ứng oxi hóa cacbon monoxit (0,5%CO, 10,5%O2).

Tallennettuna:
Bibliografiset tiedot
Päätekijä: Trương, Phương Thịnh
Aineistotyyppi: Kirja
Kieli:Undetermined
Julkaistu: Cần Thơ Đại học Cần Thơ 2011
Aiheet:
Tagit: Lisää tagi
Ei tageja, Lisää ensimmäinen tagi!
Thư viện lưu trữ: Trung tâm Học liệu Trường Đại học Cần Thơ
LEADER 01233nam a2200217Ia 4500
001 CTU_170825
008 210402s9999 xx 000 0 und d
082 |a 541.395 
082 |b Th312 
088 |a 60440119 
100 |a Trương, Phương Thịnh 
245 0 |a Nghiên cứu chế tạo xúc tác hỗn hợp đồng oxit và platin trên các chất mang TiO2 và CeO2 cho phản ứng oxi hóa cacbon monoxit : 
245 0 |b Luận văn Thạc sĩ. Chuyên ngành: Hóa lý thuyết và hóa lý 
245 0 |c Trương Phương Thịnh ; Lưu Cẩm Lộc (Người hướng dẫn) 
260 |a Cần Thơ 
260 |b Đại học Cần Thơ 
260 |c 2011 
520 |a Nghiên cứu chế tạo 21 xúc tác đơn oxit CuO và xúc tác hỗn hợp Pt-CuO mang trên chất mang kỵ nước TiO2 và CeO2 cho phản ứng oxi hóa cacbon monoxit (0,5%CO, 10,5%O2). 
650 |a Chemistry, Physical and theoretical,Physical chemistry,Lý thuyết hóa học và hóa học vật lý,Hóa lý,Carbon monoxide,Cacbon monoxit 
904 |i Hồng Cẩm 
980 |a Trung tâm Học liệu Trường Đại học Cần Thơ